000 00741cam a2200241 4500
001 ABS62021
008 000000n2000 000 0 eng u
035 _a(Sirsi) u104891
100 _aSpring, M.
245 _aFlight plan
260 _c2000
490 _aBuilding
_v265(8128) 17 March 2000, 46-49(4)
520 _aLooks at the importance of design in creating the right image for Britain's regional airports. Focuses on Bristol and Newcastle airports.
590 _aABS
650 _aAIRPORTS
650 _aDESIGN
650 _aREGIONAL AIRPORTS
650 _aBRISTOL AIRPORT
650 _aNEWCASTLE AIRPORT
650 _aNEWCASTLE INTERNATIONAL AIRPORT
690 _aBUILT ENVIRONMENT-CONSTRUCTION DESIGN
942 _n0
999 _c62921
_d62921